| 000 | 00863nam a22002297a 4500 | ||
|---|---|---|---|
| 999 |
_c16816 _d16816 |
||
| 003 | AR-CdUCM | ||
| 008 | 190506b ||||| |||| 00| 0 spa d | ||
| 040 |
_aMUNICIPALIDAD PROVINCIAL DEL CUSCO _cBIBLIOTECA MUNICIPAL DEL CUSCO |
||
| 082 |
_a800.2 / _bL25 |
||
| 100 |
_aLapesa Melgar, Rafael _936493 |
||
| 245 | _aIntroducción a los estudios literarios / | ||
| 260 |
_aSalamaca : _bAnaya, _c1966. |
||
| 300 |
_a207 páginas ; _c21.5 cm. |
||
| 440 |
_aTemas y estudios ; _936494 |
||
| 505 | _aContenido: El arte y la literatura -- Lo bello y otras nociones estéticas -- Creación y tradición literarias -- El lenguaje literario -- El lenguaje figurado ... | ||
| 650 |
_aPerspectiva Literaria _936495 |
||
| 650 |
_aLengua española _91124 |
||
| 650 |
_aEstilística _915205 |
||
| 650 |
_aEspañol _97869 |
||
| 942 |
_2ddc _cLIBROS |
||
| 945 |
_aacv _d2019-05-06 |
||